00939nam a2200265Ia 4500001000600000003000500006008004100011010001100052040000900063090001600072100003000088245013100118260004100249300001100290502008000301650004000381650004900421901001600470902000600486910000900492942000600501942000600507999001900513952014100532Z_271CHAP220113s1989 xx 000 0 und d a163246 cCHAP aTesis A 455 aAlfaro Ramos, Ariel93917 aEl uso de modelos econométricos en la programación de créditos ganaderos en La Fraylesca, Chiapas /cAriel Alfaro Ramos aChapingo, Méx. :bEl autor,c1989 a113 h. aTesis (Ing. Agrónomo Esp. en Zootecnia) -- UACH Departamento de Zootecnia aCrédito ganaderoxChiapas 929106 aGanaderíaxMétodos estadísticos944825 aTESIS A 455 aM a1989 c2 c2 c163246d163246 00102local4051708TESISaZbZd2005-11-09eEl autorl0oTesis A44 455 1989p5101000645r2022-01-18 00:00:00tEj.1w2022-01-18yTESIS